000 00723nam a2200229 u 4500
005 20250122063743.0
008 090803s2006 ag r 000 0 spa d
020 _a9871305044
035 _aUPN01000171669
049 _aCG
050 4 _aZ674.4
_bT3.2
100 1 _aTaboada Cardoso, Federico
245 1 0 _aArchivística y normalización :
_bNorma ISO 15489 /
_cFederico Taboada Cardoso, Mónica Nielsen de Allende.
260 _aBuenos Aires :
_bAlfagrama,
_c2006.
300 _a89 p.
440 0 _aBiblioteca Alfagrama.
_pArchivística ;
_v2
650 2 _aDocumentación
_97871
650 2 _aArchivos
_97632
650 4 _aNORMAS ISO 15489
_918213
700 1 _aNielsen de Allende, Mónica,
_ecoaut.
905 _aLibro
999 _c143774
_d143774